000 00838nas a2200301 4500
001 BR0900416
003 BR-BrBNA
005 20231205113023.0
007 ta
008 230509b bl.|||p| |||| 00| 00por d
040 _aBR-BrBNA
_bpor
_cBiblioteca Nacional de Agricultura
041 _a(Pt)
072 _aF01
100 1 _aLuz, G.L. da
100 1 _aMedeiros, S.L.P.
100 1 _aManfron, P.A.
100 1 _aAmaral, A.D. do
100 1 _aMuller, L.
100 1 _aTorres, M.G.
100 1 _aMentges, L.
245 1 _aA questão do nitrato em alface hidropônico e a saúde humana
650 _aALFACE
650 _aNITRATO
650 _aCÂNCER
773 0 _tCiência Rural (Brazil)
_xISSN 0103-8478
_g(Nov 2008), v. 38(8) p. 2388-2394
_wBR0900416
909 _a202311
_bLúcia
_c55
_dLúcia Elande
942 _2AGRIS
_n0
_cANA
999 _c201371
_d201371